000 00293 a2200133 4500
999 _c8496
_d8496
020 _a0869223941
050 _alcc
245 _aa rat on the back
264 _aGweru
_bMambo Press
_c1986
300 _a51 pages
500 _ano index
650 _aliterature
942 _2lcc
_cBK
_h9390
_iNYI
_kPR